| 000 | 01126cam a2200313 a 4500 | ||
|---|---|---|---|
| 999 |
_c219590 _d219590 |
||
| 001 | 3035797 | ||
| 003 | Nust | ||
| 005 | 20171121172113.0 | ||
| 008 | 951107r1996 nyu 000 1 eng | ||
| 010 | _a 95049317 | ||
| 020 | _a9780571230587 | ||
| 040 |
_aDLC _cDLC _dDLC |
||
| 043 | _aa-ii--- | ||
| 050 | 0 | 0 |
_aPR9199.3.M494 _bF56 1996 |
| 082 | 0 | 0 |
_a813.54 _bMIS |
| 100 | 1 |
_aMistry, Rohinton, _d1952- _96607 |
|
| 245 | 1 | 2 |
_aA fine balance : _ba novel / _cby Rohinton Mistry. |
| 250 | _a1st U.S. ed. | ||
| 260 |
_aNew York : _bKnopf : _bDistributed by Random House, _c1996. |
||
| 300 |
_a614 p. ; _c25 cm. |
||
| 650 | 0 |
_aApartment houses _xFiction. _96608 |
|
| 650 | 0 |
_aCity and town life _xFiction. _96609 |
|
| 651 | 0 |
_aIndia _xFiction. _96610 |
|
| 655 | 7 |
_aHistorical fiction. _2gsafd _9417 |
|
| 655 | 7 |
_aDomestic fiction. _2lcsh _94525 |
|
| 856 | 4 | 2 |
_3Publisher description _uhttp://www.loc.gov/catdir/description/random0410/95049317.html |
| 906 |
_a7 _bcbc _corignew _d1 _eocip _f19 _gy-gencatlg |
||
| 942 |
_2ddc _cBK |
||